| Tag |
First Indicator |
Second Indicator |
Subfields |
| LEADER |
00000cam a2200000 i 4500 |
| 001 |
in00004794621 |
| 008 |
151022s2016 caua 6 000 1 eng |
| 005 |
20240711141440.1 |
| 010 |
|
|
|a 2015041688
|
| 035 |
|
|
|a (OCoLC)ocn924635512
|
| 040 |
|
|
|a DLC
|b eng
|e rda
|c DLC
|d YDX
|d YDXCP
|d BTCTA
|d NYP
|d ZAC
|d EHH
|d OCLCF
|d MQP
|d FNP
|d CKK
|d BDX
|d OCLCO
|d LIP
|d SFR
|d CHILD
|d JDP
|d OCLCQ
|d INR
|d OCL
|d WAU
|d KL8
|d NZLPP
|d OCL
|d FLWMD
|d GTA
|d XQM
|d VYG
|d UKMGB
|d PUG
|d OCLCO
|d CPS
|d OCLCO
|d LKC
|d OCLCO
|d EYM
|d OCLCO
|d FUI
|d LIQ
|d OCL
|d OCLCO
|d OCLCQ
|d OCLCO
|d OCL
|d WAU
|d J@R
|d OCLCO
|d OCL
|d OCLCO
|d OCLCQ
|d OCLCL
|d QGQ
|
| 015 |
|
|
|a GBB610111
|2 bnb
|
| 016 |
7 |
|
|a 017710439
|2 Uk
|
| 019 |
|
|
|a 974731266
|a 990734358
|a 1003645340
|a 1104945864
|
| 020 |
|
|
|a 9781401263119
|q (paperback)
|
| 020 |
|
|
|a 1401263119
|q (paperback)
|
| 020 |
|
|
|a 9781401264277
|
| 020 |
|
|
|a 1401264271
|
| 020 |
|
|
|a 9780606407540
|q (Turtleback Books)
|
| 020 |
|
|
|a 0606407545
|q (Turtleback Books)
|
| 035 |
|
|
|a (OCoLC)924635512
|z (OCoLC)974731266
|z (OCoLC)990734358
|z (OCoLC)1003645340
|z (OCoLC)1104945864
|
| 037 |
|
|
|b Dc Comics, C/O Random House 400 Hahn rd, Westminister, MD, USA, 21157, (212)5722107
|n SAN 201-3975
|
| 042 |
|
|
|a pcc
|
| 082 |
0 |
0 |
|a 741.5/973
|2 23
|
| 084 |
|
|
|a CGN004080
|2 bisacsh
|
| 084 |
|
|
|a 800
|b MIL
|2 z
|
| 084 |
|
|
|a 18.06
|2 bcl
|
| 084 |
|
|
|a 21.39
|2 bcl
|
| 090 |
|
|
|a PN6728.B36
|b M53 2016
|
| 100 |
1 |
|
|a Miller, Frank,
|d 1957-
|e author,
|e penciller.
|
| 245 |
1 |
0 |
|a Batman, the Dark Knight returns /
|c Frank Miller, writer & penciller ; Klaus Janson, inker ; Lynn Varley, colorist ; John Costanza, letterer.
|
| 246 |
3 |
0 |
|a Dark Knight returns
|
| 250 |
|
|
|a 30th anniversary edition.
|
| 264 |
|
1 |
|a Burbank, CA :
|b DC Comics,
|c [2016]
|
| 300 |
|
|
|a 1 volume (unpaged) :
|b chiefly color illustrations ;
|c 26 cm
|
| 336 |
|
|
|a text
|b txt
|2 rdacontent
|
| 336 |
|
|
|a still image
|b sti
|2 rdacontent
|
| 337 |
|
|
|a unmediated
|b n
|2 rdamedia
|
| 338 |
|
|
|a volume
|b nc
|2 rdacarrier
|
| 380 |
|
|
|a Graphic novels
|2 lcgft
|
| 500 |
|
|
|a "Batman created by Bob Kane with Bill Finger."
|
| 500 |
|
|
|a "Superman created by Jerry Siegel & Joe Shuster, by special arrangement with the Jerry Siegel family."
|
| 505 |
0 |
|
|a The Dark Knight returns -- The Dark Knight triumphant -- Hunt the Dark Knight -- The Dark Knight falls.
|
| 520 |
|
|
|a "Together with inker Klaus Janson and colorist Lynn Varley, writer/artist Frank Miller completely reinvents the legend of Batman in his saga of a near-future Gotham City gone to rot, ten years after the Dark Knight's retirement. This masterpiece of modern comics storytelling, BATMAN: THE DARK KNIGHT RETURNS, brings to vivid life a dark world and an even darker man. The Dark Knight returns in a blaze of fury, taking on a whole new generation of criminals and matching their level of violence. He is soon joined by a new Robin--a girl named Carrie Kelley, who proves to be just as invaluable as her predecessors. But can Batman and Robin deal with the threat posed by their deadliest enemies, after years of incarceration have made them into perfect psychopaths? And more important, can anyone survive the coming fallout from an undeclared war between the superpowers -- or the clash of what were once the world's greatest heroes? Celebrate thirty years of one of the most influential stories ever told in the comics medium with the undisputed classic BATMAN: THE DARK KNIGHT RETURNS, now with a new cover and introduction"--
|c Provided by publisher.
|
| 600 |
0 |
0 |
|a Batman
|c (Fictitious character)
|v Comic books, strips, etc.
|
| 650 |
|
0 |
|a Superheroes
|v Comic books, strips, etc.
|
| 650 |
|
0 |
|a Gotham City (Imaginary place)
|v Comic books, strips, etc.
|
| 650 |
|
6 |
|a Bandes dessinées de superhéros.
|
| 600 |
0 |
7 |
|a Batman
|c (Fictitious character)
|2 fast
|
| 650 |
|
7 |
|a Gotham City (Imaginary place)
|2 fast
|
| 650 |
|
7 |
|a Superheroes
|2 fast
|
| 650 |
|
7 |
|a Batman (Fictitious character)
|v Comic books, strips, etc.
|2 sears
|
| 650 |
|
7 |
|a Superheroes
|v Comic books, strips, etc.
|2 sears
|
| 650 |
|
7 |
|a Good and evil
|v Comic books, strips, etc.
|2 sears
|
| 655 |
|
7 |
|a Superhero comics
|2 fast
|
| 655 |
|
7 |
|a Comics (Graphic works)
|2 fast
|
| 655 |
|
7 |
|a Science fiction comics
|2 fast
|
| 655 |
|
7 |
|a Graphic novels
|2 fast
|
| 655 |
|
7 |
|a Science fiction comic books, strips, etc.
|2 gsafd
|
| 655 |
|
7 |
|a Superhero comic books, strips, etc.
|2 gsafd
|
| 655 |
|
7 |
|a Superhero comics.
|2 lcgft
|
| 655 |
|
7 |
|a Science fiction comics.
|2 lcgft
|
| 655 |
|
7 |
|a Graphic novels.
|2 lcgft
|
| 700 |
1 |
|
|a Janson, Klaus,
|e inker.
|
| 700 |
1 |
|
|a Varley, Lynn,
|e colourist.
|
| 700 |
1 |
|
|a Costanza, John,
|e letterer.
|
| 758 |
|
|
|i has work:
|a The dark knight returns Batman (Text)
|1 https://id.oclc.org/worldcat/entity/E39PCGd8F7CyQdcpp7q9kkjhDy
|4 https://id.oclc.org/worldcat/ontology/hasWork
|
| 938 |
|
|
|a Brodart
|b BROD
|n 116357355
|
| 938 |
|
|
|a Baker and Taylor
|b BTCP
|n BK0017810620
|
| 938 |
|
|
|a Children's Plus, Inc.
|b CHIL
|n 1964178
|
| 938 |
|
|
|a YBP Library Services
|b YANK
|n 12643567
|
| 029 |
1 |
|
|a AU@
|b 000057154960
|
| 029 |
1 |
|
|a UKMGB
|b 017710439
|
| 994 |
|
|
|a Z0
|b TXA
|
| 948 |
|
|
|h NO HOLDINGS IN TXA - 526 OTHER HOLDINGS
|
| 999 |
f |
f |
|s 073d9355-812b-4cb4-bf1e-3490d49952d6
|i 010fb840-d5f5-4ef8-80a2-6582c676d576
|t 0
|
| 952 |
f |
f |
|p 30_day
|a Texas A&M University
|b Galveston Campus
|c Jack K. Williams Library
|d Galveston Boat
|t 0
|e PN6728.B36 M53 2016
|h Library of Congress classification
|i unmediated -- volume
|m A14852775296
|
| 952 |
f |
f |
|p normal
|a Texas A&M University
|b Galveston Campus
|c Jack K. Williams Library
|d Galveston Graphic Novels
|t 0
|e PN6728.B36 M53 2016
|h Library of Congress classification
|i unmediated -- volume
|m A14852175521
|
| 998 |
f |
f |
|a PN6728.B36 M53 2016
|t 0
|l Galveston Stacks
|
| 998 |
f |
f |
|a PN6728.B36 M53 2016
|t 0
|l Galveston Graphic Novels
|